000
00352 a2200169 4500
001
175213
020
_a
85-322-3740-1
040
_c
Magnum
100
_a
Bonjorno, José Roberto
240
1
0
_a
Temas de física, 1
_l
por
245
1
0
_a
Temas de física, 1
300
_a
480
362
0
_a
1997
440
1
_a
FTD
697
_a
MECÂNICA
942
_c
BK
999
_c
175213
_d
175213